Statistiques concernant Membres Supérieurs : Artères

Cliquez ici pour prendre le quiz!

Statistiques générales

  • Ce quiz a été pris 6 fois
  • Le résultat moyen est 5 sur 41

Statistiques - réponses

Réponse% Correct
Artère subclavière
80%
Artère brachiale
60%
Artère radiale
60%
Artère ulnaire
60%
Arcade palmaire profonde
40%
Arcade palmaire superficielle
40%
Artère axillaire
40%
Artère interosseuse postérieure
20%
Artère principale du pouce
20%
Artère profonde du bras
20%
Artère thoracique supérieure
20%
Artère circonflexe de la scapula
0%
Artère circonflexe humérale antérieure
0%
Artère circonflexe humérale postérieure
0%
Artère collatérale moyenne
0%
Artère collatérale radiale
0%
Artère collatérale ulnaire inférieure
0%
Artère collatérale ulnaire supérieure
0%
Artère interosseuse récurrente
0%
Artère radiale de l'index
0%
Artère récurrente radiale
0%
Artère récurrente ulnaire
0%
Artères digitales communes palmaires
0%
Artères digitales dorsales
0%
Artères digitales palmaires propres
0%
artères métacarpiennes dorsales
0%
Artères métacarpiennes palmaires
0%
Artères nourricières de l'humérus
0%
Artère subscapulaire
0%
Artère thoracique latérale
0%
Artère thoraco-acromiale
0%
Artère thoracodorsale
0%
Rameau acromial
0%
Rameau carpiens
0%
Rameau carpiens dorsal
0%
Rameau carpiens dorsal (artère ulnaire)
0%
Rameau claviculaire
0%
Rameau deltoïdien
0%
Rameau palmaire profond
0%
Rameau palmaire superficiel
0%
Rameaux pectoraux
0%

Distribution des résultats

Percentile par nombre de réponses

% des personnes avec chaque résultat

Votre développement - résultats

Vous n’avez pas pris ce quiz